Textbook of electrical technology (Record no. 30106)

000 -LEADER
fixed length control field 00473nam a22001937a 4500
001 - CONTROL NUMBER
control field 30106
003 - CONTROL NUMBER IDENTIFIER
control field BD-DhUET
008 - FIXED-LENGTH DATA ELEMENTS--GENERAL INFORMATION
fixed length control field 150620b xxu||||| |||| 00| 0 eng d
040 ## - CATALOGING SOURCE
Transcribing agency 0
Modifying agency BD-DhUET
082 ## - DEWEY DECIMAL CLASSIFICATION NUMBER
Classification number 623
Item number THE/1972
100 ## - MAIN ENTRY--PERSONAL NAME
Personal name Theraja, B. L.
245 ## - TITLE STATEMENT
Title Textbook of electrical technology
250 ## - EDITION STATEMENT
Edition statement 1st ed.
260 ## - PUBLICATION, DISTRIBUTION, ETC. (IMPRINT)
Place of publication, distribution, etc. New Delhi
Name of publisher, distributor, etc. S. Chand
Date of publication, distribution, etc. 1972
300 ## - PHYSICAL DESCRIPTION
Extent 1830 p.
Other physical details ill.
650 #0 - SUBJECT ADDED ENTRY--TOPICAL TERM
Topical term or geographic name as entry element Electrical engineering
700 ## - ADDED ENTRY--PERSONAL NAME
Personal name Deshpande, D. L.
942 ## - ADDED ENTRY ELEMENTS (KOHA)
Koha item type General Book
Holdings
Withdrawn status Damaged status Sublocation or collection (holding branch) Koha full call number Piece designation (barcode) Source of classification or shelving scheme Shelving location Copy number Not for loan Koha date last seen Price effective from Koha normalized classification for sorting Location (home branch) Date acquired Lost status Koha item type
  Central Library, BUET623/THE/197225557 Reading section1 2015-06-202015-06-20623_000000000000000_THE_1972Central Library, BUET2015-06-20 Reading Item
  Central Library, BUET623/THE/197224103 Reading section2 2015-06-202015-06-20623_000000000000000_THE_1972Central Library, BUET2015-06-20 Reading Item
  Central Library, BUET623/THE/197225558 Reading section3 2015-06-202015-06-20623_000000000000000_THE_1972Central Library, BUET2015-06-20 Reading Item
  Central Library, BUET623/THE/197224102 Reading section4 2015-06-202015-06-20623_000000000000000_THE_1972Central Library, BUET2015-06-20 General Book
  Central Library, BUET623/THE/197224101 Reading section5 2015-06-202015-06-20623_000000000000000_THE_1972Central Library, BUET2015-06-20 Reading Item